| 000 | 01040nam a2200265 a 4500 | ||
|---|---|---|---|
| 001 | BRCA_9142 | ||
| 005 | 20190320210532.0 | ||
| 008 | 260418s2017----sp-a######---#000-0#spa-# | ||
| 020 | _a9786079770501 | ||
| 041 | _aspa | ||
| 044 | _asp | ||
| 050 | 4 |
_aF1211 _b.V53 2017 |
|
| 245 | 1 | 0 |
_aViajeros en el paraíso _bMéxico, siglo XIX _ccoordinación editorial Miguel Ángel Fernández ; fotografía y coordinación iconográfica Humberto Tachiquín Benito ; diseño gráfico editorial Ricardo Salas ; textos Daniela Bleichmar ... [et al.]. |
| 260 |
_aEspaña _bCórdova Plaza _c2017 |
||
| 300 |
_a331 p. _bil. a color _c32 cm. |
||
| 500 | _aIncluye piezas de la colección Franz Mayer : p. 176-177 | ||
| 504 | _aBibliografía : p. 315-323 | ||
| 650 | 1 | 4 |
_aViajeros _ySiglo XIX _zMéxico _9765 |
| 651 | 4 |
_aMéxico _xDescripción y viajes _9103 |
|
| 700 | 1 |
_aFernández, Miguel Ángel _922532 |
|
| 700 | 1 |
_aBleichmar, Daniela _922533 |
|
| 700 | 1 |
_aTachiquín Benito, Humberto _eil. _922534 |
|
| 700 | 1 |
_aSalas, Ricardo _922535 |
|
| 942 |
_2lcc _cB |
||
| 999 |
_c8789 _d8789 |
||